Ligne 14 du Tramway Francilien - Statistiques

Statistiques générales
  • Ce quiz a été pris 42 fois
  • Le résultat moyen est 4 sur 5
Statistiques - réponses
n gares correspondances % Correct
1 Esbly Transilien P
100%
5 Crécy-la-Chapelle
95%
2 Montry - Condé
74%
3 Couilly - Saint-Germain - Quincy
68%
4 Villiers - Montbarbin
68%
Aucun quiz correspondant
Distribution des résultats
% des personnes avec chaque résultat
Percentile par nombre de réponses
Votre historique - résultats
Vous n’avez pas pris ce quiz